Growth recurring : economic change in world history /

Bibliographic Details
Main Author: Jones, E. L. (Eric Lionel)
Format: Book
Language:English
Published: Oxford : New York : Clarendon Press ; Oxford University Press, 1988.
Subjects:

MARC

Tag First Indicator Second Indicator Subfields
LEADER 00000cam a2200000 a 4500
001 in00000031324
005 20151007060401.0
008 870904s1988 enk b 00110 eng
010 |a  87024825  
020 |a 0198283008 :  |c $37.50 
035 |a (OCoLC)16755575 
035 |9 AAC0720AM 
040 |a DLC  |c DLC  |d TXA  |d UtOrBLW 
049 |a TXAM  |c [A11680226] 
050 0 0 |a HD78  |b .J65 1988 
082 0 |a 330.9  |2 19 
100 1 |a Jones, E. L.  |q (Eric Lionel) 
245 1 0 |a Growth recurring :  |b economic change in world history /  |c E.L. Jones. 
264 1 |a Oxford :  |b Clarendon Press ;  |a New York :  |b Oxford University Press,  |c 1988. 
300 |a xii, 247 pages ;  |c 23 cm. 
336 |a text  |b txt  |2 rdacontent 
337 |a unmediated  |b n  |2 rdamedia 
338 |a volume  |b nc  |2 rdacarrier 
504 |a Bibliography: pages [224]-239. 
500 |a Includes index. 
650 0 |a Economic development  |x History. 
650 0 |a Economic history. 
999 |a MARS 
999 f f |s 41948535-f0f8-3252-bb9c-d2ea194c7c7f  |i 0eecf544-dde1-37e3-bf74-a705ebe36919  |t 0 
952 f f |p ric  |a Texas A&M University  |b Rellis Campus  |c Joint Library Facility  |d Remote Storage  |t 0  |e HD78 .J65 1988  |h Library of Congress classification  |i unmediated -- volume  |m A14811680226 
998 f f |a HD78 .J65 1988  |t 0  |l Remote Storage